000 00397nam a2200157Ia 4500
008 100122s9999 xx 000 0 und d
082 _b66668
_a823
100 _aशिरवळकर सुहास
245 _aझूम
250 _a2
260 _bदिलीपराज प्रकाशन
_c2001
300 _a252
630 _aझूम
730 _aझूम
942 _cBOOK
999 _c439129
_d439126